书目信息 |
| 题名: |
铁血军魂
|
|
| 作者: | 关捷 , 关霄汉 著 | |
| 分册: | ||
| 出版信息: | 北京 现代出版社 2015 |
|
| 页数: | 350页,[8] 页图版 | |
| 开本: | 24cm | |
| 丛书名: | ||
| 单 册: | ||
| 中图分类: | E297.5 | |
| 科图分类: | ||
| 主题词: | 抗美援朝第五次战役 (1951)--Kang Mei Yuan Chao Di Wu Ci Zhan Yi (1951)--史料 , 史料--Shi Liao | |
| 电子资源: | ||
| ISBN: | 978-7-5143-3159-2 | |
| 000 | 01016nam0 22002651 450 | |
| 001 | 349769 | |
| 005 | 20161009083442.96 | |
| 010 | @a978-7-5143-3159-2@dCNY39.80 | |
| 100 | @a20150122d2015 em y0chiy50 ea | |
| 101 | 0 | @achi |
| 102 | @aCN@b110000 | |
| 105 | @aaf z 000yy | |
| 106 | @ar | |
| 200 | 1 | @a铁血军魂@ATie Xue Jun Hun@e一八〇师在朝鲜@f关捷,关霄汉著 |
| 210 | @a北京@c现代出版社@d2015 | |
| 215 | @a350页,[8] 页图版@c图@d24cm | |
| 330 | @a本书通过对部分健在的将军和士兵的采访,全面展示了志愿军一八〇师在战役中惨烈的实际战况,探讨了一八〇师失利的真正原因,颠覆了长期流行于民间关于一八〇师的种种不实传言和对抗美援朝战争的传统叙事,带人们走入最为真实的朝鲜战场。 | |
| 517 | 1 | @a一八〇师在朝鲜@AYi Ba Shi Zai Chao Xian |
| 606 | 0 | @a抗美援朝第五次战役 (1951)@AKang Mei Yuan Chao Di Wu Ci Zhan Yi (1951)@x史料 |
| 606 | 0 | @a史料@AShi Liao |
| 690 | @aE297.5@v5 | |
| 701 | 0 | @a关捷@AGuan Jie@4著 |
| 701 | 0 | @a关霄汉@AGuan Xiao Han@4著 |
| 801 | 0 | @aCN@bTANGWEI@20160802 |
| 905 | @b0886670-4@dE297.5@e76@f5 | |
| 铁血军魂:一八〇师在朝鲜/关捷,关霄汉著.-北京:现代出版社,2015 |
| 350页,[8] 页图版:图;24cm |
| ISBN 978-7-5143-3159-2:CNY39.80 |
| 本书通过对部分健在的将军和士兵的采访,全面展示了志愿军一八〇师在战役中惨烈的实际战况,探讨了一八〇师失利的真正原因,颠覆了长期流行于民间关于一八〇师的种种不实传言和对抗美援朝战争的传统叙事,带人们走入最为真实的朝鲜战场。 |
| ● |
| 相关链接 |
|
|
|
|
正题名:铁血军魂
索取号:E297.5/76
 
预约/预借
| 序号 | 登录号 | 条形码 | 馆藏地/架位号 | 状态 | 备注 |
| 1 | 0886670 | 208866707 | 第一样本阅览室/ [索取号:E297.5/76] | 在馆 | |
| 2 | 0886671 | 208866716 | 第一借阅区/ [索取号:E297.5/76] | 在馆 | |
| 3 | 0886672 | 208866725 | 第一借阅区/ [索取号:E297.5/76] | 在馆 | |
| 4 | 0886673 | 208866734 | 第一借阅区/ [索取号:E297.5/76] | 在馆 | |
| 5 | 0886674 | 208866743 | 第一借阅区/ [索取号:E297.5/76] | 在馆 |